| 000 | 00565nam a2200169 4500 | ||
|---|---|---|---|
| 999 |
_c8425 _d8425 |
||
| 008 | 180205b xxu||||| |||| 00| 0 eng d | ||
| 020 | _a0-87967-755-9 | ||
| 082 |
_21989 _aDC 658.8005 _bM34 |
||
| 245 |
_aMarketing 89/90/ _cedited by John E. Richardson. |
||
| 250 | _aEleventh Edition | ||
| 260 |
_aGuilford, Connecticut: _bThe Dushkin Publishing Group, Inc., _c© 1989. |
||
| 300 |
_aiv, 246 pages: _billustration; _c28 cm. |
||
| 521 | _aIncludes glossary and index. | ||
| 650 | 0 |
_926093 _aMarketing |
|
| 700 |
_926094 _aRichardson, John E. _eeditor |
||
| 942 |
_2ddc _cDC |
||